000 01235nam a22003017a 4500
005 20240524073054.0
008 240125t ||||| |||| 00| 0 spa d
020 _a9789586091183
020 _a9789586091190
040 _aCO-BoUCM
_cDavid Moreno
_dDavid Moreno
041 _aspa
100 1 _aCharry Rojas, Carlos José
_9179794
245 1 0 _aActores Sociales y diferencia etnica
_cCarlos José Charry Rojas, Christian Alexander Narváez Rojas y José Honorio Martínez
250 _aPrimera edición
260 _aBogotá, COL
_bEscuela superior de administración publica - ESAP
_c2022
300 _a124 Paginas
490 _aEstado-gobierno y sociedad
650 1 7 _aMinorías étnicas
_zColombia
_9179795
650 1 7 _aAfrodecesdientres
_yAspectos sociales
_9179796
650 1 7 _aIndígenas de Colombia
_xAspectos sociales
_9179797
650 1 7 _aMovimiento social
_zColombia
_9179798
650 1 7 _aDesapariciones forzadas
_zColombia
_9179799
650 1 7 _aDesplazamiento forzado
_zColombia
_931505
700 1 _aNarváez Rojas, Christian Alexander
_9179800
700 1 _aMartínez, José Honorio
_9179801
942 _2DEWEY
_a5
_cLIBRO
_e1
_h305.8986
_mC485a
_n0
999 _c323799
_d323799